[Event "OMA-chT 6th"]
[Site "Muscat"]
[Date "2023.08.04"]
[Round "2.1"]
[White "Yasser, Hamdan"]
[Black "Al Mamari, Mohammed"]
[Result "1-0"]
[WhiteElo "1386"]
[BlackElo "1449"]
[PlyCount "114"]
[EventDate "2023.08.03"]
[EventType "team-swiss"]
[EventRounds "9"]
[EventCountry "OMN"]
[SourceTitle "EXT 2024"]
[Source "ChessBase"]
[SourceDate "2023.10.10"]
[SourceVersion "1"]
[SourceVersionDate "2023.10.10"]
[SourceQuality "1"]
[WhiteTeam "Al Shabab"]
[BlackTeam "Ibri"]
[WhiteTeamCountry "OMN"]
[BlackTeamCountry "OMN"]

1. e4 c6 2. d4 d5 3. exd5 cxd5 4. Bb5+ Bd7 5. Nc3 Bxb5 6. Nxb5 a6 7. Nc3 e6 8. Nf3 Bd6 9. 0-0 Nc6 10. Ne2 Qc7 11. Ng3 Nge7 12. c3 0-0 13. Qd3 Ng6 14. Ng5 b5 15. h4 Bf4 16. h5 Bxg5 17. hxg6 Bxc1 18. gxh7+ Kh8 19. Raxc1 g6 20. Rfe1 Kg7 21. Re3 Rh8 22. Ne2 Rxh7 23. Rh3 Rhh8 24. Re3 Rh7 25. Rh3 Rxh3 26. Qxh3 Rh8 27. Qg3 Qxg3 28. Nxg3 Rc8 29. a4 Nxd4 30. Ra1 Nc6 31. axb5 axb5 32. Ra6 b4 33. cxb4 Nxb4 34. Rb6 Nd3 35. b4 Rc1+ 36. Kh2 Nxf2 37. Ne2 Rb1 38. b5 Ng4+ 39. Kg3 Ne5 40. Rb7 Rb3+ 41. Kf2 Rb4 42. Ke3 Re4+ 43. Kd2 Rb4 44. Kc3 Rb1 45. Nd4 Kf6 46. b6 Nc4 47. Nb3 Rg1 48. Rxf7+ Kxf7 49. b7 Rxg2 50. b8Q Re2 51. Qc7+ Kf6 52. Qd8+ Kf7 53. Nd4 Re3+ 54. Kc2 Re4 55. Nb5 Kg7 56. Nc7 Kh6 57. Qf6 Nb6 1-0

[Event "Asia-ch Amateur"]
[Site "Muscat"]
[Date "2022.09.29"]
[Round "1"]
[White "Junaid, Sohail"]
[Black "Yasser, Hamdan"]
[Result "1-0"]
[WhiteElo "1981"]
[BlackElo "1419"]
[PlyCount "77"]
[EventDate "2022.09.29"]
[EventType "swiss"]
[EventRounds "9"]
[EventCountry "OMN"]
[SourceTitle "CBM 210 Extra"]
[Source "ChessBase"]
[SourceDate "2022.11.30"]
[SourceVersion "1"]
[SourceVersionDate "2022.11.30"]
[SourceQuality "1"]

1. d4 e6 2. c4 d5 3. Nf3 c5 4. cxd5 exd5 5. g3 Nf6 6. Bg2 Bd6 7. dxc5 Bxc5 8. 0-0 Be6 9. Nbd2 0-0 10. Nb3 Bb6 11. Nbd4 Bg4 12. h3 Bh5 13. g4 Bg6 14. Ne5 Be4 15. f3 Qe7 16. Bf4 Bg6 17. e3 Nbd7 18. Nxg6 fxg6 19. Re1 Qb4 20. a3 Qxb2 21. Bd6 Bxd4 22. Qxd4 Qxd4 23. exd4 Rfe8 24. g5 Nh5 25. a4 Nb6 26. f4 Rad8 27. Rxe8+ Rxe8 28. a5 Nc4 29. Bxd5+ Kh8 30. Bxc4 Ng3 31. Bd3 h6 32. Kf2 Nf5 33. Bxf5 gxf5 34. gxh6 gxh6 35. Be5+ Kh7 36. Rg1 Re7 37. d5 b5 38. axb6 axb6 39. d6 1-0